000
00247nam a2200109Ia 4500
008
190216s9999||||xx |||||||||||||| ||und||
100
_a
Wodehouse P G
245
0
_a
Young Men In Sports
260
_b
Penguin Books
650
_a
English
942
_c
BK
999
_c
12742
_d
12742